| 000 | 00663nam a2200229 i 4500 | ||
|---|---|---|---|
| 001 | bg | ||
| 100 | 1 | _aELLYIN, Fernand | |
| 245 | 1 | 0 |
_aFatique damage, crack growth and life prediction / _cEllyin Fernand. |
| 260 |
_aLondon [etc.] : _bChapman & Hall, _c1997. |
||
| 300 |
_aXV, 469 s. : _brys., wykr. ; _c24 cm. |
||
| 504 | _aBibliogr. przy rozdz. - Indeks. | ||
| 650 | 9 |
_aPękanie _xmechanika |
|
| 650 | 9 | _aZmęczenie materiałów | |
| 650 | 9 | _aWytrzymałość materiałów | |
| 020 | _a0412596008 | ||
| 040 | _cBPK | ||
| 041 | 0 | _aen | |
| 080 | _a620.17:539.3/.4 | ||
| 920 | _a0-412-59600-8 | ||
| 942 | _cKS | ||
| 008 | s pl f |000 0 pol | ||
| 999 |
_c36893 _d36893 |
||
| 856 |
_uhttp://koha.tu.koszalin.pl/cgi-bin/koha/opac-detail.pl?biblionumber=36893 _yKatalog online BPK |
||